000 00498nam a2200205Ia 4500
003 GCL
008 140319s9999 xx 000 0 eng d
040 _aGCL /
_cGCL
082 0 4 _a822
_bG S
100 1 _aGOLDSMITH, OLIVER
245 1 0 _aSHE STOOPS TO CONQUER /
_cGOLDSMITH, OLIVER
260 _a[S.N] :
_bYORK PRESS
300 _a141 PP
650 0 4 _aENGLISH LITERATURE
650 0 4 _aTHEATER
650 0 4 _aENGLISH FICTION
650 0 4 _aDRAMA
650 0 4 _aENGLISH DRAMA
942 _2ddc
_cBK
999 _c18174
_d18174